000
00205nam a22000857a 4500
008
160719b xxu||||| |||| 00| 0 eng d
100
_9
3048
_a
Kidz Om
245
_a
Fairy Tales
260
_a
New Delhi
_b
Om Kidz
_c
2012
999
_c
2611
_d
2611